Normal view MARC view
  • Allen J G

Entry Personal Name

Number of records used in: 1

001 - CONTROL NUMBER

  • control field: 214965

003 - CONTROL NUMBER IDENTIFIER

  • control field: OSt

005 - DATE AND TIME OF LATEST TRANSACTION

  • control field: 20251114172205.0

008 - FIXED-LENGTH DATA ELEMENTS

  • fixed length control field: 251114|| aca||aabn | a|a d

040 ## - CATALOGING SOURCE

  • Original cataloging agency: OSt
  • Transcribing agency: OSt

100 ## - HEADING--PERSONAL NAME

  • Personal name: Allen J G

670 ## - SOURCE DATA FOUND

  • Source citation: Work cat.: (OSt)86853: Allen J G, How to turn an interview in to a job, 1998